Действие лазерного излучения и нагрева в воздухе на нанопорошки железа, никеля и меди; Известия Томского политехнического университета [Известия ТПУ]; Т. 312, № 3 : Химия

Бібліографічні деталі
Parent link:Известия Томского политехнического университета [Известия ТПУ]/ Томский политехнический университет (ТПУ).— , 2000-
Т. 312, № 3 : Химия.— 2008.— [С. 19-22]
Автор: Ивченко Е. В. Екатерина Викторовна
Інші автори: Ан В. В. Владимир Вилорьевич, Ильин А. П. Александр Петрович
Резюме:Заглавие с титульного листа
Электронная версия печатной публикации
Показано действие лазерного излучения и термического нагрева в воздухе на электровзрывные нанопорошки металлов. Методами дифференциально-термического, рентгенофазового и микроскопического анализов изучены исходные нанопорошки и продукты их окисления. Для определения эффективности взаимодействия лазерного излучения с уплотненным образцом нанопорошка использован термоакустический метод. Получены зависимости коэффициентов поглощения излучения от объемной массы нанопорошков. Установлено, что после воздействия лазерного излучения на образец нанопорошка железа и его последующего нагрева в воздухе кроме фазы гематита стабилизируется фаза магнетита.
Мова:Російська
Опубліковано: 2008
Серія:Химия
Предмети:
Онлайн доступ:http://www.lib.tpu.ru/fulltext/v/Bulletin_TPU/2008/v312/i3/04.pdf
Формат: Електронний ресурс Частина з книги
KOHA link:https://koha.lib.tpu.ru/cgi-bin/koha/opac-detail.pl?biblionumber=173172

MARC

LEADER 00000nla2a2200000 4500
001 173172
005 20231219130414.0
035 |a (RuTPU)RU\TPU\book\187830 
035 |a RU\TPU\book\187827 
090 |a 173172 
100 |a 20091221d2008 k y0rusy50 ca 
101 0 |a rus 
102 |a RU 
135 |a drnn ---uucaa 
181 0 |a i  
182 0 |a b 
200 1 |a Действие лазерного излучения и нагрева в воздухе на нанопорошки железа, никеля и меди  |f Е. В. Ивченко, В. В. Ан, А. П. Ильин 
203 |a Текст  |c электронный 
215 |a 1 файл (1.9 Мб) 
225 1 |a Химия 
300 |a Заглавие с титульного листа 
300 |a Электронная версия печатной публикации 
320 |a [Библиогр.: с. 22 (6 назв.)] 
330 |a Показано действие лазерного излучения и термического нагрева в воздухе на электровзрывные нанопорошки металлов. Методами дифференциально-термического, рентгенофазового и микроскопического анализов изучены исходные нанопорошки и продукты их окисления. Для определения эффективности взаимодействия лазерного излучения с уплотненным образцом нанопорошка использован термоакустический метод. Получены зависимости коэффициентов поглощения излучения от объемной массы нанопорошков. Установлено, что после воздействия лазерного излучения на образец нанопорошка железа и его последующего нагрева в воздухе кроме фазы гематита стабилизируется фаза магнетита. 
337 |a Adobe Reader 
461 1 |0 (RuTPU)RU\TPU\book\176237  |t Известия Томского политехнического университета [Известия ТПУ]  |f Томский политехнический университет (ТПУ)  |d 2000- 
463 1 |0 (RuTPU)RU\TPU\book\187821  |x 1684-8519  |t Т. 312, № 3 : Химия  |v [С. 19-22]  |d 2008  |p 99 с. 
610 1 |a лазерное излучение 
610 1 |a воздух 
610 1 |a железо 
610 1 |a никель 
610 1 |a медь 
610 1 |a термический нагрев 
610 1 |a электровзрывные нанопорошки 
610 1 |a металлы 
610 1 |a дифференциально-термический анализ 
610 1 |a рентгенофазовый анализ 
610 1 |a микроскопический анализ 
610 1 |a продукты окисления 
610 1 |a образцы 
610 1 |a термоакустический метод 
610 1 |a поглощение 
610 1 |a объемные массы 
610 1 |a гематит 
610 1 |a магнетит 
610 1 |a труды учёных ТПУ 
610 1 |a электронный ресурс 
610 1 |a коэффициент 
610 1 |a фазы 
700 1 |a Ивченко  |b Е. В.  |g Екатерина Викторовна 
701 1 |a Ан  |b В. В.  |c химик  |c профессор Томского политехнического университета, доктор химических наук  |f 1972-  |g Владимир Вилорьевич  |3 (RuTPU)RU\TPU\pers\25572  |9 11502 
701 1 |a Ильин  |b А. П.  |c химик  |c профессор Томского политехнического университета, доктор физико-математических наук  |f 1949-  |g Александр Петрович  |3 (RuTPU)RU\TPU\pers\25487 
801 1 |a RU  |b 63413507  |c 20090623  |g PSBO 
801 2 |a RU  |b 63413507  |c 20180305  |g PSBO 
856 4 |u http://www.lib.tpu.ru/fulltext/v/Bulletin_TPU/2008/v312/i3/04.pdf 
942 |c CF